|
|
|
|
| LEADER |
02708nam a22003977a 4500 |
| 001 |
37149 |
| 003 |
BD-DhAAL |
| 005 |
20251008164511.0 |
| 008 |
200226t2020 bg a|||| |||| 001 0aeng d |
| 020 |
|
|
|a 9789840759880
|
| 020 |
|
|
|a 9789840762590
|
| 040 |
|
|
|a BD-DhAAL
|c BD-DhAAL
|
| 041 |
|
|
|a ben
|
| 082 |
|
|
|a 915.10457
|2 22
|
| 100 |
|
|
|a মুজিবুর রহমান,
|c শেখ,
|d ১৯২০-১৯৭৫.
|9 39620
|
| 245 |
|
|
|a আমার দেখা নয়াচীন /
|c শেখ মুজিবুর রহমান ; ভূমিকা, শেখ হাসিনা.
|
| 246 |
|
|
|a Amar dekha nayachin
|
| 246 |
|
|
|a New China as I saw
|
| 260 |
|
|
|a ঢাকা :
|b বাংলা একাডেমি,
|c ২০২০ [পুনর্মুদ্রণ ২০২২]
|
| 300 |
|
|
|a ১৯৯ পৃষ্ঠা :
|b চিত্র ;
|c ২৪ সে.মি.
|
| 500 |
|
|
|a নির্ঘণ্ট অন্তর্ভুক্ত।
|
| 500 |
|
|
|a প্রথম প্রকাশ : ২০২০
|
| 526 |
|
|
|a AAL, GenEd (Residential Campus)
|
| 541 |
|
|
|a Bangla Academy, Donated By Akbar Ali Khan, Development Book Agency
|e 37149, 37150, 39298, 39601, 40758, 40759
|
| 600 |
|
|
|a Mujibur Rahman,
|c Sheikh,
|d 1920-1975
|x Travel
|z China.
|9 39621
|
| 651 |
|
|
|a China
|x Description and travel.
|9 39622
|
| 700 |
|
|
|a হাসিনা, শেখ.
|
| 852 |
|
|
|a Ayesha Abed Library
|c Liberation War Corner
|
| 942 |
|
|
|2 ddc
|c BK
|
| 999 |
|
|
|c 42251
|d 42251
|
| 952 |
|
|
|0 0
|1 0
|2 ddc
|4 0
|6 915_104570000000000_MUJ
|7 0
|9 68002
|a BRACUL
|b BRACUL
|c BNC
|d 2020-02-24
|e Bangla Academy
|g 300.00
|l 2
|m 8
|o 915.10457 MUJ
|p 3010037150
|r 2024-02-25
|s 2024-02-07
|t 2
|v 400.00
|w 2020-02-24
|y BK
|
| 952 |
|
|
|0 0
|1 0
|2 ddc
|4 0
|6 915_104570000000000_MUJ
|7 0
|9 68011
|a BRACUL
|b BRACUL
|c BNC
|d 2020-02-26
|e Bangla Academy
|g 300.00
|l 4
|m 42
|o 915.10457 MUJ
|p 3010037149
|r 2025-10-08
|s 2022-10-11
|t 1
|v 400.00
|w 2020-02-26
|y BK
|
| 952 |
|
|
|0 0
|1 0
|2 ddc
|4 0
|6 915_104570000000000_MUJ
|7 1
|9 71648
|a BRACUL
|b BRACUL
|c AAKC
|d 2022-08-10
|e Donated by Akbar Ali Khan
|l 0
|o 915.10457 MUJ
|p 3010039298
|r 2022-08-10
|t 3
|w 2022-08-10
|y BK
|x Donated by Akbar Ali Khan
|
| 952 |
|
|
|0 0
|1 0
|2 ddc
|4 0
|6 915_104570000000000_MUJ
|7 1
|9 72084
|a BRACUL
|b BRACUL
|c AAKC
|d 2022-10-16
|e Donated by Akbar Ali Khan
|l 0
|o 915.10457 MUJ
|p 3010039601
|r 2022-10-16
|t 4
|w 2022-10-16
|y BK
|x Donated by Akbar Ali Khan
|
| 952 |
|
|
|0 0
|1 0
|2 ddc
|4 0
|6 915_104570000000000_MUJ
|7 0
|9 72920
|a SCL
|b SCL
|c GEN
|d 2023-01-15
|e Development Book Agency
|g 380.00
|l 1
|o 915.10457 MUJ
|p 3020040759
|r 2024-02-02
|s 2024-01-28
|t 6
|v 380.00
|w 2023-01-15
|y BK
|
| 952 |
|
|
|0 0
|1 0
|2 ddc
|4 0
|6 915_104570000000000_MUJ
|7 0
|9 72921
|a SCL
|b SCL
|c GEN
|d 2023-01-15
|e Development Book Agency
|g 380.00
|l 1
|o 915.10457 MUJ
|p 3020040758
|r 2023-12-07
|s 2023-12-03
|t 5
|v 380.00
|w 2023-01-15
|y BK
|